Southville International School and Colleges
Your cart is empty.
  • Cart
  • Lists
    Public lists Eva Luna New books Lux_list list_1
    Your lists Log in to create your own lists
  • Log in to your account
  • Your cookies
  • Search history
Southville International School and Colleges
  • Advanced search
  • Recent comments
  • Most popular
  • Libraries

Log in to your account

Log in with GOOGLE


If you do not have an external account, but do have a local account, you can still log in:

  1. Home
  2. MARC view: Microsoft word version 2002 step by step. /
Normal view MARC view ISBD view

Microsoft word version 2002 step by step. / (Record no. 14284)

[ view plain ]
MARC details
000 -LEADER
fixed length control field 00694nam a2200193 a 4500
003 - CONTROL NUMBER IDENTIFIER
control field PILC
005 - DATE AND TIME OF LATEST TRANSACTION
control field 20150112093429.0
008 - FIXED-LENGTH DATA ELEMENTS--GENERAL INFORMATION
fixed length control field 100713s19uu xx 00 eng d
020 ## - INTERNATIONAL STANDARD BOOK NUMBER
International Standard Book Number 0-7356-1295-1
050 ## - LIBRARY OF CONGRESS CALL NUMBER
Classification number Z 52.5
Item number .M52M535 2001
082 ## - DEWEY DECIMAL CLASSIFICATION NUMBER
Classification number CFS 005.461
Item number M535 2002
110 ## - MAIN ENTRY--CORPORATE NAME
Corporate name or jurisdiction name as entry element Microsoft Corporation, Perspection, Inc.
9 (RLIN) 8059
245 ## - TITLE STATEMENT
Title Microsoft word version 2002 step by step. /
260 ## - PUBLICATION, DISTRIBUTION, ETC. (IMPRINT)
Place of publication, distribution, etc Redmond, Washington :
Name of publisher, distributor, etc Microsoft Press: Miccrosoft Corporation,
-- yz2002.
300 ## - PHYSICAL DESCRIPTION
Extent 295 pages :
Other physical details colored illustration ;
Dimensions 23 cm.
650 ## - SUBJECT ADDED ENTRY--TOPICAL TERM
Topical term or geographic name as entry element Microsoft word
General subdivision Word processing
-- Perspection, Inc.
9 (RLIN) 8060
710 ## - ADDED ENTRY--CORPORATE NAME
Corporate name or jurisdiction name as entry element Microsoft Corporation, Perspection, Inc.
9 (RLIN) 8061
942 ## - ADDED ENTRY ELEMENTS (KOHA)
Source of classification or shelving scheme Library of Congress Classification
Koha item type Books
Holdings
Withdrawn status Lost status Source of classification or shelving scheme Damaged status Home library Current library Shelving location Date acquired Source of acquisition Total Checkouts Full call number Barcode Date last seen Price effective from Koha item type Public note
Withdrawn   Library of Congress Classification   Southville International School Affiliated with Foreign Universities Library Southville International School Affiliated with Foreign Universities Library   08/05/2013 Donation   Z 52.5 .M52M535 2001 SFU0155 05/15/2018 08/05/2013 Books Books donated

Microsoft word version 2002 step by step. /

APA

Microsoft Corporation P. I., Microsoft Corporation P. I., .Microsoft word version 2002 step by step. Redmond, Washington: Microsoft Press: Miccrosoft Corporation.

Chicago

Microsoft Corporation Perspection Inc, Microsoft Corporation Perspection Inc, .Microsoft word version 2002 step by step. Redmond, Washington: Microsoft Press: Miccrosoft Corporation.

Harvard

Microsoft Corporation P. I., Microsoft Corporation P. I., .Microsoft word version 2002 step by step. Redmond, Washington: Microsoft Press: Miccrosoft Corporation.

MLA

Microsoft Corporation Perspection Inc, Microsoft Corporation Perspection Inc, .Redmond, Washington: Microsoft Press: Miccrosoft Corporation. .

  • Print
  • Cite
  • Add to your cart (remove)
  • Save record
    BIBTEX Dublin Core MARCXML MARC (non-Unicode/MARC-8) MARC (Unicode/UTF-8) MARC (Unicode/UTF-8, Standard) MODS (XML) RIS
  • More searches
    Search for this title in:
    Other Libraries (WorldCat) Other Databases (Google Scholar) Online Stores (Bookfinder.com) Open Library (openlibrary.org)

Exporting to Dublin Core...

SOUTHVILLE LIBRARY

Southville International School and Colleges Library

1281 Tropical Ave. Cor. Luxembourg St., BF Homes International, Las Pinas City

Tel. No. 8256374 / 252358 Loc. 117/146

Powered by Koha